[Event "Women's Speed Chess Q4"]
[Site "chess.com INT"]
[Date "2021.06.03"]
[Round "11"]
[White "Golubenko, Valentina"]
[Black "Adam, Ernestina"]
[Result "1/2-1/2"]
[WhiteTitle "WGM"]
[BlackTitle "WCM"]
[WhiteElo "2209"]
[BlackElo "1354"]
[WhiteFideId "4501993"]
[BlackFideId "165883"]
[EventDate "2021.06.03"]

1. d4 Nf6 2. g3 g6 3. Bg2 Bg7 4. c4 O-O 5. Nc3 d6 6. d5 Nbd7 7. Nf3 a5 8. O-O
Nc5 9. Be3 b6 10. Bd4 Bf5 11. Nh4 Bg4 12. h3 Bd7 13. b3 Qc8 14. Kh2 Rb8 15. a3
e5 16. Be3 a4 17. b4 Nb3 18. Rb1 Qa6 19. b5 Qa5 20. Nxa4 Qxa4 21. Qxb3 Ra8 22.
Bc1 Qxb3 23. Rxb3 Ra4 24. Rb4 Rxb4 25. axb4 Ra8 26. Bb2 Ra2 27. Rb1 h6 28. Bc3
Rc2 29. Be1 Rxe2 30. Bf3 Rc2 31. Bd1 Rxc4 32. Bb3 Rd4 33. Nf3 Rd3 34. Kg2 e4 35.
Nd2 Nxd5 36. Bxd5 Rxd5 37. Nxe4 Bf5 38. f3 Re5 39. Rc1 Bxe4 40. fxe4 Rxe4 41.
Bf2 Bd4 42. Kf3 f5 43. Rxc7 Bxf2 44. Kxf2 Rxb4 45. Rc6 Rxb5 46. Rxd6 Rb2+ 47.
Kf3 Kg7 48. Rd7+ Kf6 49. Rd6+ Kg7 50. Rd7+ Kf6 51. Rd6+ Kf7 52. Rd7+ Ke6 53. Rg7
Kf6 54. Rc7 b5 55. Rc6+ Kf7 56. Rc7+ Kg8 57. Rc8+ Kg7 58. Rc7+ Kf6 59. Rc6+ Kf7
60. Rc7+ Kf6 1/2-1/2

[Event "Women's Speed Chess Q4"]
[Site "chess.com INT"]
[Date "2021.06.03"]
[Round "11"]
[White "Buksa, Nataliya"]
[Black "Purtseladze, Maka"]
[Result "1/2-1/2"]
[WhiteTitle "IM"]
[BlackTitle "IM"]
[WhiteElo "2414"]
[BlackElo "2274"]
[WhiteFideId "14123622"]
[BlackFideId "13602659"]
[EventDate "2021.06.03"]

1. e4 c6 2. Nc3 d5 3. Nf3 dxe4 4. Nxe4 Nf6 5. Qe2 Nxe4 6. Qxe4 Qd5 7. Qh4 Bf5 8.
Bc4 Qe4+ 9. Qxe4 Bxe4 10. d3 Bxf3 11. gxf3 Nd7 12. Ke2 e6 13. Bf4 Be7 14. Rhg1
Bf6 15. c3 Nb6 16. Bb3 Nd5 17. Bxd5 cxd5 18. d4 Kd7 19. Kd3 b5 20. a4 a6 21.
axb5 axb5 22. Kc2 b4 23. Kb3 bxc3 24. Kxc3 Rhc8+ 25. Kd3 g5 26. Bd2 h6 27. b3 e5
28. Be3 exd4 29. Bxd4 Bxd4 30. Kxd4 Rxa1 31. Rxa1 Rc2 32. Ra7+ Ke6 33. Ra6+ Kf5
34. Rxh6 Rxf2 35. Kxd5 Rxf3 36. b4 Rb3 37. Kc5 Rb2 38. b5 Kg4 39. b6 f5 40. Kc6
Kf3 41. b7 g4 42. Kc7 Rxb7+ 43. Kxb7 f4 44. Kc6 g3 45. hxg3 fxg3 46. Rf6+ Ke2
47. Rg6 Kf2 48. Kd5 g2 49. Rf6+ Ke2 50. Re6+ Kf2 51. Rf6+ Ke2 52. Rg6 Kf2 53.
Ke4 g1=Q 54. Rxg1 Kxg1 1/2-1/2

[Event "Women's Speed Chess Q4"]
[Site "chess.com INT"]
[Date "2021.06.03"]
[Round "11"]
[White "Luong, Phuong Hanh"]
[Black "Tarasova, Viktoriya"]
[Result "1/2-1/2"]
[WhiteTitle "WIM"]
[BlackTitle "WIM"]
[WhiteElo "2229"]
[BlackElo "2226"]
[WhiteFideId "12401013"]
[BlackFideId "4175840"]
[EventDate "2021.06.03"]

1. d4 Nf6 2. Nf3 e6 3. e3 b6 4. Bd3 Bb7 5. O-O d5 6. c4 Bd6 7. Nc3 O-O 8. b3
Nbd7 9. Bb2 a6 10. Rc1 Qe7 11. Qe2 Ba3 12. Bxa3 Qxa3 13. e4 dxe4 14. Nxe4 Nxe4
15. Bxe4 Bxe4 16. Qxe4 Nf6 17. Qe2 Qd6 18. Rfd1 Rfe8 19. Ne5 Nd7 20. h3 f6 21.
Nf3 Qe7 22. Re1 Qf7 23. Qe4 a5 24. Qc6 Nf8 25. Rcd1 Rad8 26. Re3 Rd6 27. Qe4
Red8 28. Rde1 g6 29. Qf4 Kg7 30. h4 h6 31. Qg4 h5 32. Qe4 Qd7 33. Qf4 a4 34. Qg3
axb3 35. axb3 b5 36. d5 e5 37. Nxe5 fxe5 38. Rxe5 Kg8 39. Re7 Qf5 40. Rxc7 R6d7
41. Rc6 bxc4 42. bxc4 Rf7 43. Re5 Qf4 44. Qxf4 Rxf4 45. Re7 Rxh4 46. Rcc7 Rd4
47. g3 Rd1+ 48. Kg2 Rd2 49. Kf3 Ra8 50. Ke3 Rb2 51. Rg7+ Kh8 52. Rgf7 Ra3+ 53.
Kd4 Kg8 54. Rg7+ Kh8 55. Rgf7 Kg8 56. Kc5 Ra5+ 57. Kd4 Ra3 1/2-1/2

[Event "Women's Speed Chess Q4"]
[Site "chess.com INT"]
[Date "2021.06.03"]
[Round "11"]
[White "Socko, Monika"]
[Black "Nikolova, Adriana"]
[Result "1-0"]
[WhiteTitle "GM"]
[BlackTitle "WGM"]
[WhiteElo "2421"]
[BlackElo "2243"]
[WhiteFideId "1106619"]
[BlackFideId "2908689"]
[EventDate "2021.06.03"]

1. d4 d5 2. c4 c6 3. Nf3 Nf6 4. Nbd2 Bg4 5. Qb3 Qb6 6. g3 Bxf3 7. Nxf3 dxc4 8.
Qxc4 e6 9. a3 Nbd7 10. Bg2 Bd6 11. O-O O-O 12. b4 Ne4 13. Bb2 a5 14. Qc2 Nef6
15. e4 Be7 16. bxa5 Rxa5 17. Rfb1 Qc7 18. Nd2 Rfa8 19. Nc4 Ra4 20. Qb3 b5 21.
Ne3 Qb6 22. Rc1 b4 23. axb4 Rxa1 24. Rxa1 Rxa1+ 25. Bxa1 Qxb4 26. Qxb4 Bxb4 27.
Nc4 Kf8 28. Kf1 Ke7 29. Ke2 h5 30. h3 g5 31. f4 gxf4 32. gxf4 h4 33. Bf3 Kd8 34.
Bb2 Kc7 35. Bc1 Be7 36. Be3 c5 37. dxc5 Bxc5 38. Bd2 Be7 39. Be1 Ne8 40. Bh5 Nd6
41. Nxd6 Bxd6 42. e5 Be7 43. Bxf7 Nc5 44. Bf2 Kc6 45. Kf3 Kd5 46. Bg6 Nb3 47.
Be4+ Kc4 48. Kg4 Nd2 49. Bc6 Kd3 50. Bxh4 Bc5 51. Bg3 Ke3 52. h4 Nf1 53. h5 Bf8
54. Bh4 Nh2+ 55. Kg3 Nf1+ 56. Kg2 Nd2 57. Bg5 Bg7 58. h6 Bh8 59. Kg3 Nc4 60. Kg4
Kd4 61. Kh5 Nxe5 62. fxe5 Kxe5 63. Kg6 Kd6 64. Bf6 Bxf6 65. Kxf6 1-0

[Event "Women's Speed Chess Q4"]
[Site "chess.com INT"]
[Date "2021.06.03"]
[Round "11"]
[White "Bodnaruk, Anastasia"]
[Black "Yu, Jennifer"]
[Result "1-0"]
[WhiteTitle "IM"]
[BlackTitle "FM"]
[WhiteElo "2457"]
[BlackElo "2312"]
[WhiteFideId "4181751"]
[BlackFideId "2078341"]
[EventDate "2021.06.03"]

1. e4 e5 2. Nf3 Nc6 3. Bb5 a6 4. Ba4 Nf6 5. O-O b5 6. Bb3 Bb7 7. Re1 Bc5 8. c3
d6 9. d4 Bb6 10. h3 h6 11. Be3 O-O 12. Nbd2 Re8 13. d5 Ne7 14. Bxb6 cxb6 15. a4
bxa4 16. Bxa4 b5 17. Bb3 Ng6 18. c4 Qb6 19. Bc2 Rac8 20. b3 Nf4 21. Nh2 Rc7 22.
Rf1 Bc8 23. h4 N6h5 24. Qf3 Nf6 25. g3 Ng6 26. h5 Nf8 27. Qe2 N8h7 28. Bd3 b4
29. c5 Rxc5 30. Bxa6 Bh3 31. Rfc1 Ra8 32. Bd3 Rxa1 33. Rxa1 Ng5 34. Nc4 Qc7 35.
Qe3 Nxh5 36. f4 Nh7 37. Nf3 f6 38. Nh4 Bc8 39. Ng6 Kf7 40. Nh4 g6 41. fxe5 fxe5
42. Qxh6 N7f6 43. Rf1 Ke7 44. Qxg6 Bg4 45. Nf5+ Bxf5 46. Rxf5 Ra5 47. Rxh5 Ra1+
48. Kg2 Nxh5 49. Qxh5 Qc5 50. Qh7+ Kf8 51. Qh6+ Ke7 52. Qe6+ Kf8 53. Qxd6+ Qxd6
54. Nxd6 Ra2+ 55. Kf3 Ke7 56. Nf5+ Kf6 57. d6 Rb2 58. Bc4 Rd2 59. Bd5 Rd3+ 60.
Ke2 Rc3 61. d7 Rc2+ 62. Kd1 1-0

[Event "Women's Speed Chess Q4"]
[Site "chess.com INT"]
[Date "2021.06.03"]
[Round "11"]
[White "Varney, Zoe"]
[Black "Farhat Willemstein, Stela Souza"]
[Result "1-0"]
[WhiteTitle "WCM"]
[BlackTitle "WFM"]
[WhiteElo "1917"]
[BlackElo "1758"]
[WhiteFideId "436135"]
[BlackFideId "2109808"]
[EventDate "2021.06.03"]

1. e4 c5 2. Nf3 d6 3. d4 c4 4. Bxc4 Nc6 5. O-O Nf6 6. Nc3 g6 7. Ng5 e6 8. d5
exd5 9. Nxd5 Be6 10. Re1 Bg7 11. Bf4 Ne5 12. Nxe6 fxe6 13. Bb5+ Kf7 14. Bxe5
dxe5 15. Nxf6 Bxf6 16. Qf3 a6 17. Rad1 axb5 18. Rxd8 Rhxd8 19. a3 Ke7 20. Rd1
Rd4 21. c3 Rxd1+ 22. Qxd1 Rd8 23. Qb3 Kf7 24. h3 Bg5 25. Qxb5 Rd1+ 26. Kh2 Bf4+
27. g3 Bc1 28. Qxb7+ Kf6 29. Qxh7 Rd2 30. Qh4+ Kf7 31. g4 Bxb2 32. Qh7+ Ke8 33.
Qxg6+ Kd7 34. Kg2 Bxc3 35. Qf7+ Kd6 36. Qf8+ Kd7 37. Qf7+ Kd6 38. h4 Bd4 39. h5
Rxf2+ 40. Qxf2 Bxf2 41. Kxf2 Ke7 42. a4 Kf7 43. a5 Kg7 44. a6 Kh6 45. a7 Kg5 46.
a8=Q Kxg4 47. h6 Kh5 48. h7 Kg4 49. h8=Q Kf4 50. Qhf8+ Kg4 51. Qg7+ Kf4 52. Qf6+
Kg4 53. Qg8+ Kh3 54. Qh6# 1-0

[Event "Women's Speed Chess Q4"]
[Site "chess.com INT"]
[Date "2021.06.03"]
[Round "11"]
[White "Ambartsumova, Karina"]
[Black "Dordzhieva, Dinara"]
[Result "1-0"]
[WhiteTitle "IM"]
[BlackTitle "WGM"]
[WhiteElo "2382"]
[BlackElo "2334"]
[WhiteFideId "4166299"]
[BlackFideId "24157570"]
[EventDate "2021.06.03"]

1. c4 Nf6 2. Nf3 e6 3. e3 d5 4. Nc3 c5 5. cxd5 exd5 6. d4 Nc6 7. Be2 Be6 8. O-O
Be7 9. b3 Rc8 10. Bb2 O-O 11. dxc5 Bxc5 12. Rc1 Bd6 13. Nb5 Bb8 14. Nbd4 Qe7 15.
Nxc6 Rxc6 16. Qd3 Ne4 17. Qd4 f6 18. Bb5 Rxc1 19. Rxc1 Rd8 20. Be2 Bg4 21. Qd1
Qd6 22. g3 Bh3 23. Qd3 Bf5 24. Qd1 Re8 25. Nd4 Bg6 26. Bh5 a6 27. Bxg6 hxg6 28.
Qf3 f5 29. Ne2 Nd2 30. Qg2 g5 31. Nd4 Qd7 32. Rd1 Ne4 33. Qf3 Rf8 34. Ne2 g4 35.
Qg2 Rd8 36. Nd4 Be5 37. Qf1 Bxd4 38. Bxd4 Ng5 39. Qd3 Nf3+ 40. Kg2 Qf7 41. h4
Qe6 42. Bb2 Qe4 43. Qxe4 fxe4 44. Rc1 Rd7 45. Kf1 Kf7 46. Ke2 g6 47. Bd4 Ke6 48.
Rc5 Ne5 49. Bxe5 Kxe5 50. Rc8 Rd6 51. Re8+ Kf6 52. Rf8+ Ke5 53. Rf4 a5 54. Rxg4
a4 55. Rg5+ Kf6 56. Kd2 axb3 57. axb3 Kf7 58. Kc3 Rc6+ 59. Kb2 Rc4 60. bxc4 1-0

[Event "Women's Speed Chess Q4"]
[Site "chess.com INT"]
[Date "2021.06.03"]
[Round "11"]
[White "Nguyen, Thi Mai Hung"]
[Black "Potapova, Margarita"]
[Result "1-0"]
[WhiteTitle "WGM"]
[BlackTitle "WIM"]
[WhiteElo "2254"]
[BlackElo "2252"]
[WhiteFideId "12401676"]
[BlackFideId "14126869"]
[EventDate "2021.06.03"]

1. d4 Nf6 2. Nf3 e6 3. g3 b6 4. Bg2 Bb7 5. O-O Be7 6. c4 O-O 7. Nc3 Ne4 8. Qc2
Nxc3 9. Qxc3 f5 10. Rd1 Bf6 11. Qe1 d6 12. d5 e5 13. e4 fxe4 14. Nd2 e3 15. Qxe3
Bg5 16. Qe2 Nd7 17. Ne4 Be7 18. Bd2 Nf6 19. Ng5 Bc8 20. Ne6 Bxe6 21. dxe6 Rb8
22. f4 Qc8 23. fxe5 Qxe6 24. Re1 dxe5 25. Qxe5 Bc5+ 26. Kh1 Qxe5 27. Rxe5 Ng4
28. Bd5+ Kh8 29. Re2 Rbe8 30. Rae1 Rxe2 31. Rxe2 a5 32. Bf4 Bd6 33. Bxd6 cxd6
34. Re6 h5 35. h3 Nf2+ 36. Kg2 Nd3 37. Rxd6 Nxb2 38. Rxb6 Nd1 39. Re6 Nc3 40.
Bf3 Nxa2 41. Re5 g6 42. Rxa5 Nb4 43. Be4 Kg7 44. Ra4 Re8 45. Kf3 Rb8 46. c5 Kf6
47. c6 Nxc6 48. Bxc6 Rb3+ 49. Kg2 Rb2+ 50. Kg1 Kg5 51. Ra5+ Kh6 52. Be4 Rd2 53.
Ra6 Kh7 54. Rxg6 Kh8 55. Rh6+ Kg7 56. Rxh5 Kf6 57. g4 Kg7 58. Rf5 Re2 59. Bf3
Ra2 60. h4 Ra1+ 61. Kg2 Ra2+ 62. Kg3 Ra3 63. h5 Ra4 64. Kh4 Ra7 65. g5 Kg8 66.
h6 Ra4+ 67. Kh5 Ra2 68. Bd5+ Kh7 69. Bxa2 Kh8 70. Rf8+ 1-0

[Event "Women's Speed Chess Q4"]
[Site "chess.com INT"]
[Date "2021.06.03"]
[Round "11"]
[White "Corrales Jimenez, Zenia"]
[Black "Petrova, Irina"]
[Result "1/2-1/2"]
[WhiteTitle "WIM"]
[BlackTitle "WIM"]
[WhiteElo "2221"]
[BlackElo "2110"]
[WhiteFideId "3506355"]
[BlackFideId "14124122"]
[EventDate "2021.06.03"]

1. e4 d6 2. d4 Nf6 3. Nc3 e5 4. dxe5 dxe5 5. Qxd8+ Kxd8 6. Bg5 Be6 7. O-O-O+ Nd7
8. Nf3 Kc8 9. h3 c6 10. Bxf6 gxf6 11. Kb1 Bc5 12. Rd2 b5 13. Nh4 a5 14. g3 Kc7
15. Nf5 a4 16. Bg2 Rhb8 17. Rhd1 b4 18. Ne2 Bf8 19. f4 Ra5 20. Ne3 Nc5 21. Ng4
Bxg4 22. hxg4 b3 23. cxb3 axb3 24. a3 Raa8 25. g5 fxg5 26. fxg5 Rd8 27. Nc3 Rxd2
28. Rxd2 Rd8 29. Rxd8 Kxd8 30. Bh3 Be7 31. Bf5 Bxg5 32. Bxh7 Kc7 33. Bg8 f6 34.
a4 Bd2 35. a5 Bxc3 36. bxc3 Nxe4 37. Kb2 Nxg3 38. Kxb3 f5 39. Kc4 f4 40. Kc5 f3
41. a6 Ne4+ 42. Kb4 Kb6 43. Bc4 c5+ 44. Ka4 Nxc3+ 45. Kb3 Ne2 46. Kc2 Nd4+ 47.
Kd2 Ka7 48. Ke3 Kb6 49. Kf2 Nc6 50. Kxf3 Nb8 51. Ke4 Nxa6 52. Kxe5 Nb4 53. Ke4
Kc6 54. Ke3 Kd6 55. Ke4 Nc6 56. Bb5 Nd4 57. Bc4 Ne6 58. Bxe6 Kxe6 59. Kd3 Kd5
60. Kc3 c4 61. Kc2 Kd4 62. Kd2 c3+ 63. Kc2 Kc4 64. Kc1 Kd3 65. Kd1 c2+ 66. Kc1
Kc3 1/2-1/2

[Event "Women's Speed Chess Q4"]
[Site "chess.com INT"]
[Date "2021.06.03"]
[Round "11"]
[White "Matveeva, Olga"]
[Black "Papp, Petra"]
[Result "0-1"]
[WhiteTitle "WIM"]
[BlackTitle "WGM"]
[WhiteElo "2145"]
[BlackElo "2336"]
[WhiteFideId "24107018"]
[BlackFideId "739049"]
[EventDate "2021.06.03"]

1. d4 Nf6 2. c4 g6 3. g3 Bg7 4. Bg2 O-O 5. Nc3 d6 6. Nf3 Nc6 7. O-O e5 8. d5 Ne7
9. e4 h6 10. Ne1 Nd7 11. Nd3 f5 12. f4 fxe4 13. Nxe4 Nf5 14. fxe5 Nxe5 15. Nxe5
Bxe5 16. Kh1 Kh7 17. Qd2 Bg7 18. Rb1 Nd4 19. Rxf8 Qxf8 20. b3 Bg4 21. Bb2 Nf3
22. Qc2 Re8 23. Bxg7 Kxg7 24. Rf1 Qe7 25. Qc3+ Ne5 26. Nf6 Qxf6 27. Rxf6 Kxf6
28. h3 Bf5 29. g4 Bd7 30. Kh2 b6 31. Kg3 g5 32. Be4 Ke7 33. Qd4 Rf8 34. b4 Rf4
35. c5 bxc5 36. bxc5 h5 37. cxd6+ cxd6 38. gxh5 Rh4 39. Kf2 Rxh3 40. Bg6 g4 41.
Qxa7 Rh2+ 42. Ke3 g3 43. Kf4 g2 44. Kg3 Ng4 45. Bd3 Rxh5 46. Kxg2 Rxd5 47. Be4
Rd2+ 48. Kg3 Ne5 49. Bf5 Rd5 50. Bxd7 Nxd7 51. Kf4 Rb5 52. Ke4 Re5+ 53. Kd4 Rh5
54. a4 Rh4+ 55. Kc3 Kd8 56. a5 Nc5 57. a6 Ra4 58. Qb6+ Kd7 59. a7 Ra1 60. Qb8
Na4+ 61. Kb3 Nc5+ 62. Kc4 Ra4+ 63. Kc3 Ra3+ 0-1

[Event "Women's Speed Chess Q4"]
[Site "chess.com INT"]
[Date "2021.06.03"]
[Round "11"]
[White "Daulyte-Cornette, Deimante"]
[Black "Vantika, Agrawal"]
[Result "1-0"]
[WhiteTitle "IM"]
[BlackTitle "WIM"]
[WhiteElo "2387"]
[BlackElo "2286"]
[WhiteFideId "12802859"]
[BlackFideId "25050389"]
[EventDate "2021.06.03"]

1. e4 c5 2. Nc3 Nc6 3. Bb5 Nd4 4. Nf3 e6 5. O-O a6 6. Bd3 Ne7 7. b3 Nxf3+ 8.
Qxf3 Nc6 9. Qg3 h5 10. f4 h4 11. Qg4 b5 12. Bb2 Bb7 13. Rae1 Qb6 14. Kh1 O-O-O
15. a4 b4 16. Nd1 h3 17. g3 f5 18. Qf3 Nd4 19. Qf2 Kb8 20. Kg1 Rc8 21. Ne3 fxe4
22. Nc4 Qc7 23. Bxe4 d5 24. Ne5 dxe4 25. Ng6 Rh6 26. Nxf8 Nf3+ 27. Kh1 Rxf8 28.
Re3 Rh5 29. g4 Rd5 30. d3 Qxf4 31. Rxe4 Qc7 32. Qe2 Ka8 33. Rxf3 Rxf3 34. Qxf3
Rd8 35. Kg1 Bxe4 36. Qxe4+ Qb7 37. Qxb7+ Kxb7 38. Kf2 Kc6 39. Kg3 g6 40. Kxh3
Rf8 41. Kg3 Rf1 42. h4 Rd1 43. h5 gxh5 44. gxh5 Rd2 45. h6 Rd1 46. Kg4 Rh1 47.
Bg7 Kd5 48. Kg5 e5 49. Kg6 e4 50. dxe4+ Kxe4 51. h7 Ke3 52. Bh6+ Rxh6+ 53. Kxh6
Kd2 54. h8=Q Kxc2 55. Qc8 Kxb3 56. Qxc5 Kxa4 57. Qc4 Ka3 58. Qxa6+ Kb2 59. Qe2+
Ka3 60. Qa6+ Kb2 61. Kg5 b3 62. Kf4 Kc2 63. Qc4+ Kb2 64. Ke3 Ka2 65. Kd2 Ka1 66.
Qc1+ Ka2 67. Kc3 b2 68. Qxb2# 1-0

[Event "Women's Speed Chess Q4"]
[Site "chess.com INT"]
[Date "2021.06.03"]
[Round "11"]
[White "Von Herman, Brigitte"]
[Black "Szente Varga, Fruzsina"]
[Result "0-1"]
[WhiteTitle "WFM"]
[BlackTitle "WFM"]
[WhiteElo "1991"]
[BlackElo "2100"]
[WhiteFideId "4628730"]
[BlackFideId "712264"]
[EventDate "2021.06.03"]

1. e4 Nf6 2. e5 Nd5 3. d4 d6 4. Nf3 g6 5. Be2 Bg7 6. O-O O-O 7. h3 Nc6 8. c4 Nb6
9. exd6 cxd6 10. Be3 d5 11. c5 Nd7 12. Nc3 Nf6 13. a3 Ne4 14. Qb3 e6 15. Rfe1
Nxc3 16. bxc3 Re8 17. Bb5 Bd7 18. Bg5 Qa5 19. Bf4 a6 20. Bxc6 Bxc6 21. Ne5 Rac8
22. Re3 Re7 23. h4 h5 24. Rae1 Ba4 25. Qb2 b5 26. Rg3 Qd8 27. Bg5 Qd7 28. Bxe7
Qxe7 29. Nf3 Rb8 30. Qd2 a5 31. Ne5 Qb7 32. Rb1 Qc7 33. Rf3 Bxe5 34. dxe5 Qxe5
35. Rf1 Rc8 36. Re1 Qc7 37. Qd4 Qxc5 38. Qf6 Qc7 39. Rg3 Bc2 40. Ree3 Bf5 41.
Qd4 Qd6 42. Qa7 Qxa3 43. c4 Rxc4 44. Rxa3 Rc1+ 45. Kh2 b4 46. Qxa5 bxa3 47. Qxa3
Rc4 48. Rc3 Rxh4+ 49. Kg1 Re4 50. Qa8+ Kg7 51. Qb7 Re1+ 52. Kh2 g5 53. f3 h4 54.
Rc7 Bg6 55. f4 g4 56. f5 g3+ 57. Kh3 Rh1+ 58. Kg4 Bxf5+ 59. Kg5 Bg6 60. Qb2+ Kh7
61. Qd2 Rf1 62. Qf4 Rxf4 63. Kxf4 Kg7 64. Kg4 d4 65. Kxh4 d3 66. Rd7 e5 67. Kxg3
e4 68. Kf4 Kf6 69. g4 Ke6 70. Rd8 Ke7 71. Rd4 Ke6 72. g5 Ke7 0-1

[Event "Women's Speed Chess Q4"]
[Site "chess.com INT"]
[Date "2021.06.03"]
[Round "11"]
[White "Bivol, Alina"]
[Black "Antolak, Julia"]
[Result "1/2-1/2"]
[WhiteTitle "WGM"]
[BlackTitle "WIM"]
[WhiteElo "2385"]
[BlackElo "2306"]
[WhiteFideId "4100123"]
[BlackFideId "1159569"]
[EventDate "2021.06.03"]

1. e4 c5 2. Nf3 e6 3. c3 d5 4. exd5 Qxd5 5. d4 Nf6 6. Be2 Be7 7. O-O O-O 8. c4
Qd8 9. Nc3 Nc6 10. d5 exd5 11. cxd5 Nb4 12. Bc4 Bf5 13. Bf4 Bd6 14. Bxd6 Qxd6
15. a3 Na6 16. Nb5 Qd7 17. Ne5 Qd8 18. d6 Bg6 19. Re1 Nd7 20. Nxg6 hxg6 21. Re7
Nb6 22. Qb3 Nxc4 23. Qxc4 Qb6 24. Rae1 Rad8 25. h3 Nb8 26. a4 a6 27. Nc3 Qxd6
28. Rxb7 Nd7 29. Ra7 Ra8 30. Rxa8 Rxa8 31. Nd5 Nb6 32. Nxb6 Qxb6 33. Re7 Rf8 34.
b3 Qd6 35. Qe4 Rd8 36. Qb7 Qd1+ 37. Kh2 Qd6+ 38. g3 Qf6 39. Re2 Kh7 40. Qc7 Rd1
41. Qe5 Qc6 42. Qe4 Qxe4 43. Rxe4 Rd3 44. Re3 Rd2 45. Kg2 Rb2 46. Rc3 Kg8 47.
Rxc5 Rxb3 48. Rc8+ Kh7 49. Rc6 Ra3 50. Rxa6 f6 51. Ra7 g5 52. a5 Kg6 53. g4 Kh6
54. a6 Kh7 55. Ra8 Kg6 56. a7 Kh7 57. Kf1 Ra2 58. Ke1 g6 59. Kd1 Kg7 60. Kc1 Kh7
61. Kb1 Ra6 62. Kb2 Kg7 63. Kb3 Ra1 64. f3 Ra6 65. Kc4 Ra1 66. Kd5 Ra2 67. Kd6
Rd2+ 68. Ke6 Re2+ 69. Kd5 Rd2+ 70. Kc5 Rc2+ 71. Kd4 Ra2 72. Kc3 Ra1 73. Kb3 Ra6
74. Kb4 Ra1 75. Kb5 Rb1+ 76. Kc6 Rc1+ 77. Kd6 Rd1+ 78. Ke6 Re1+ 1/2-1/2

[Event "Women's Speed Chess Q4"]
[Site "chess.com INT"]
[Date "2021.06.03"]
[Round "12"]
[White "Luong, Phuong Hanh"]
[Black "Klinova, Masha"]
[Result "1-0"]
[WhiteTitle "WIM"]
[BlackTitle "IM"]
[WhiteElo "2229"]
[BlackElo "2275"]
[WhiteFideId "12401013"]
[BlackFideId "2802015"]
[EventDate "2021.06.03"]

1. d4 d6 2. Nf3 g6 3. g3 Bg7 4. Bg2 Nf6 5. O-O O-O 6. a4 c6 7. a5 Bf5 8. Nc3 Qc8
9. Re1 Bh3 10. Bh1 h6 11. e4 Nbd7 12. e5 Nd5 13. Nxd5 cxd5 14. exd6 e6 15. Ne5
Qd8 16. c4 Nf6 17. c5 g5 18. Bf3 Bf5 19. b4 a6 20. Bb2 Be4 21. Bxe4 Nxe4 22. Nd3
Qd7 23. Qe2 Qb5 24. f3 Nf6 25. Bc3 Rfe8 26. Ne5 Rad8 27. Qxb5 axb5 28. a6 bxa6
29. Rxa6 Nd7 30. Rea1 f6 31. Nc6 Rc8 32. Ne7+ 1-0

[Event "Women's Speed Chess Q4"]
[Site "chess.com INT"]
[Date "2021.06.03"]
[Round "12"]
[White "Zhai, Mo"]
[Black "Vargas, Gabriela"]
[Result "1-0"]
[WhiteTitle "WGM"]
[BlackTitle "WIM"]
[WhiteElo "2366"]
[BlackElo "2170"]
[WhiteFideId "8600201"]
[BlackFideId "3700860"]
[EventDate "2021.06.03"]

1. Nf3 d5 2. g3 c6 3. Bg2 Nf6 4. O-O Bf5 5. d3 h6 6. Nbd2 e6 7. c4 Nbd7 8. cxd5
exd5 9. e4 dxe4 10. dxe4 Bg6 11. e5 Nd5 12. e6 fxe6 13. Nd4 e5 14. Ne6 Qb6 15.
Nc4 Qb4 16. Bxd5 cxd5 17. Qxd5 Rc8 18. b3 Bf7 19. Ba3 Qxa3 20. Nxa3 Bxa3 21.
Rad1 Nb6 22. Qxe5 1-0

[Event "Women's Speed Chess Q4"]
[Site "chess.com INT"]
[Date "2021.06.03"]
[Round "12"]
[White "Nandhidhaa, P V"]
[Black "Bivol, Alina"]
[Result "0-1"]
[WhiteTitle "WGM"]
[BlackTitle "WGM"]
[WhiteElo "2365"]
[BlackElo "2385"]
[WhiteFideId "5050847"]
[BlackFideId "4100123"]
[EventDate "2021.06.03"]

1. b3 Nf6 2. Bb2 b6 3. Nf3 Bb7 4. g3 g6 5. Bg2 Bg7 6. O-O O-O 7. d3 d5 8. Nbd2
c5 9. e4 dxe4 10. Ng5 Nc6 11. Ngxe4 Qc7 12. Re1 Nxe4 13. Bxg7 Nxf2 14. Kxf2 Kxg7
15. Nc4 Nd4 16. c3 Bxg2 17. Kxg2 Qb7+ 18. Kf2 Nf5 19. Qd2 Rad8 20. Rad1 e6 21.
Qf4 Kg8 22. g4 Ne7 23. Kg1 Nd5 24. Qd2 Qe7 25. Ne5 Qh4 26. c4 Nb4 27. a3 Na6 28.
Re4 Rd4 29. Rde1 Rfd8 30. Qf4 Qxe1+ 31. Rxe1 Rxf4 0-1

[Event "Women's Speed Chess Q4"]
[Site "chess.com INT"]
[Date "2021.06.03"]
[Round "12"]
[White "Dordzhieva, Dinara"]
[Black "Narva, Mai"]
[Result "1-0"]
[WhiteTitle "WGM"]
[BlackTitle "WIM"]
[WhiteElo "2334"]
[BlackElo "2276"]
[WhiteFideId "24157570"]
[BlackFideId "4500512"]
[EventDate "2021.06.03"]

1. Nf3 Nf6 2. c4 e6 3. d4 c5 4. d5 b5 5. dxe6 fxe6 6. cxb5 d5 7. g3 Bd6 8. Bg2
O-O 9. b3 a6 10. bxa6 Bxa6 11. Bb2 Nc6 12. O-O Qe7 13. Nc3 Rfd8 14. Rc1 d4 15.
Na4 Bb5 16. Nd2 e5 17. Ne4 c4 18. Nb6 Rxa2 19. bxc4 Rxb2 20. cxb5 Na5 21. Nc8
Qe6 22. Ncxd6 Rxd6 23. Nxd6 Qxd6 24. Qd3 Nb3 25. Rb1 Rxb1 26. Rxb1 Nc5 27. Qc4+
Kf8 28. b6 Nfd7 29. b7 Nb8 30. Rc1 Ncd7 31. Bc6 Nb6 32. Qb5 Qa3 33. Rb1 1-0

[Event "Women's Speed Chess Q4"]
[Site "chess.com INT"]
[Date "2021.06.03"]
[Round "12"]
[White "Selkirk, Rebecca"]
[Black "Zaksaite, Salomeja"]
[Result "0-1"]
[WhiteTitle "WCM"]
[BlackTitle "WIM"]
[WhiteElo "1799"]
[BlackElo "2202"]
[WhiteFideId "14306514"]
[BlackFideId "12801496"]
[EventDate "2021.06.03"]

1. e4 c5 2. Nf3 e6 3. d4 cxd4 4. Nxd4 Nf6 5. Nc3 Nc6 6. Ndb5 d6 7. Bg5 a6 8. Na3
b5 9. Ne2 Be7 10. c3 Nxe4 11. Bxe7 Qxe7 12. g3 Qf6 13. f4 d5 14. Bg2 O-O 15. O-O
Bb7 16. Nc2 Rad8 17. f5 e5 18. Ne3 Ne7 19. Ng4 Qb6+ 20. Kh1 f6 21. Bxe4 dxe4 22.
Qb3+ Bd5 23. Qa3 Nc6 24. Rad1 h5 25. Nf2 e3+ 26. Kg1 exf2+ 27. Rxf2 Bc4 28. Re1
Rd2 29. Kg2 b4 30. cxb4 Qxb4 31. Qe3 Qxb2 32. h3 Nd4 33. Nxd4 Rxf2+ 34. Qxf2
Qxf2+ 35. Kxf2 exd4 36. Re7 Rd8 37. Rc7 Bb5 0-1

[Event "Women's Speed Chess Q4"]
[Site "chess.com INT"]
[Date "2021.06.03"]
[Round "12"]
[White "Farhat Willemstein, Stela Souza"]
[Black "Von Herman, Brigitte"]
[Result "1-0"]
[WhiteTitle "WFM"]
[BlackTitle "WFM"]
[WhiteElo "1758"]
[BlackElo "1991"]
[WhiteFideId "2109808"]
[BlackFideId "4628730"]
[EventDate "2021.06.03"]

1. e4 e5 2. Nf3 Nc6 3. Bc4 Nf6 4. d3 Bc5 5. O-O d6 6. h4 a6 7. Bg5 h6 8. Be3 Ba7
9. Nc3 Bg4 10. Bxa7 Nxa7 11. Nd5 Nh5 12. g3 c6 13. Ne3 Bh3 14. Re1 Nf6 15. Kh2
Bd7 16. Nf5 Bxf5 17. exf5 O-O 18. d4 e4 19. Nd2 d5 20. Be2 Qd7 21. g4 Nb5 22. c3
Nd6 23. f3 exf3 24. Bxf3 Rfe8 25. Kg3 Re7 26. Rxe7 Qxe7 27. Qe1 Qd7 28. Qf2 Re8
29. Re1 Kf8 30. Rxe8+ Qxe8 31. Qe2 Qxe2 32. Bxe2 Nfe4+ 33. Nxe4 Nxe4+ 34. Kf4 f6
35. Bf3 Nd2 36. Ke3 Nc4+ 37. Kf4 Nxb2 38. g5 hxg5+ 39. hxg5 Ke7 40. gxf6+ Kxf6
41. Bh5 Nd1 42. Bxd1 1-0